• 首页
  • 本馆介绍
  • 公告通知
  • 最新文献
  • 馆藏检索
  • 电子资源
  • 读者导购
  • 参考咨询
  • 我的图书馆
  • 登录
  • 详细信息显示
  • 放入我的书架
  • 预约/预借图书
  • 作者相关作品
  • 分类相关作品
  • 丛书相关作品
  • 出版社相关作品

书目信息

  • 表格格式
  • 工作单格式
  • 卡片格式
题名:
塑造文明和心灵的巨人及其思想
    
 
作者: 唐斯 著 ;孟海英 , 齐慧甫 , 王宏方 译
分册:  
出版信息: 北京   华夏出版社  2006
页数: 432页
开本: 22cm
丛书名:
单 册:
中图分类: K103
科图分类:
主题词: 文化史--世界 , 文化史
电子资源:
ISBN: 7-5080-3799-5
000 01051nam0 2200265 450
001 010700018329
005 20061117102057.45
010    @a7-5080-3799-5@dCNY38.00
100    @a20060323d2006 em y0chiy0110 ea
101 1  @achi@ceng
102    @aCN@b110000
105    @aac z 000yy
200 1  @a塑造文明和心灵的巨人及其思想@9su zao wen ming he xin ling de ju ren ji qi si xiang@f(美)罗伯特·宾厄姆·唐斯著@g王宏方,孟海英,齐慧甫译
210    @a北京@c华夏出版社@d2006
215    @a432页@c图,画像@d22cm
330    @a本书选取了这些典型人物的经典著作,上起《圣经》,下迄1966年的《寂静的春天》,跨度数千年,共涉及到了人类历史上几百个重要人物和近百种图书,并对重点图书给予了深刻而独到的点评,这些人物和图书在各学科里都具有奠基作用或起过革命性作用。
606 0  @a文化史@y世界
606 0  @a文化史
690    @aK103@v4
701  1 @a唐斯@9tang si@b罗伯特·宾厄姆@4著
702  0 @a孟海英@9meng hai ying@4译
702  0 @a齐慧甫@9qi hui fu@4译
702  0 @a王宏方@9wang hong fang@4译
801  0 @aCN@bRENTIAN@c20061117
905    @a10447@dK103@e129
    
    塑造文明和心灵的巨人及其思想/(美)罗伯特·宾厄姆·唐斯著/王宏方,孟海英,齐慧甫译.-北京:华夏出版社,2006
    432页:图,画像;22cm
    
    
    ISBN 7-5080-3799-5:CNY38.00
    本书选取了这些典型人物的经典著作,上起《圣经》,下迄1966年的《寂静的春天》,跨度数千年,共涉及到了人类历史上几百个重要人物和近百种图书,并对重点图书给予了深刻而独到的点评,这些人物和图书在各学科里都具有奠基作用或起过革命性作用。
●
相关链接 在E读中查询图书 在五车中查询图书 在当当中查询图书 在豆瓣中查询图书


正题名:塑造文明和心灵的巨人及其思想     索取号:K103/129         预约/预借

序号 登录号 条形码 馆藏地/架位号 状态 备注
1 0389808   203898087   第二样本阅览室/ [索取号:K103/129] 在馆    
2 0389809   203898096   第二借阅区/ [索取号:K103/129] 在馆    
3 0389810   203898103   第二借阅区/ [索取号:K103/129] 在馆    
4 0389811   203898112   第二借阅区/ [索取号:K103/129] 在馆    
5 0389812   203898121   第二借阅区/ [索取号:K103/129] 在馆    
唐山师范学院图书馆 欢迎您!
大连网信软件有限公司© 版权所有